Statistiques concernant Matériaux de fiction

Cliquez ici pour prendre le quiz!

Statistiques générales

  • Ce quiz a été pris 13 fois
    (5 depuis la dernière actualisation)
  • Le résultat moyen est 2 sur 24

Statistiques - réponses

DescriptionNom du métal% Correct
Faiblesse de SupermanKryptonite
80%
Matériau qui compose le bouclier de
Captain America
Vibranium
60%
Sert à produire de l'électricité dans
Minecraft
Redstone
40%
Ce en quoi est fait l'armure du MandalorianBeskar
20%
Peut tuer les Marcheurs Blancs
dans Game of Thrones
Acier valyrien
Verredragon
0%
On en a injecté à Wolverine pour rendre
son squelette plus résistant
Adamantium
0%
Un des 3 matériaux connu capables de
blesser les monstres dans le monde de
Percy Jackson
Bronze céleste
Or impérial
Fer stygien
0%
Métal extraterrestre que Tintin est chargé
d'aller récupérer dans l'Etoile Mystérieuse
Calystène
0%
Noyau central de l'univers de Sonic,
au nombre de 7, Blaze et Eggman
ont essayé d'en avoir
Chaos emerald
0%
Matière quasi-indestructible créée par Géo
Trouvetou à la demande de Picsou
Dissoutou
0%
Minerai qui permet d'aider les Pokémon
à atteindre leur forme la plus gigantesque
Dynamaxium
0%
Matériau à la base de l'utilisation du voyage
supraluminique dans l'univers
de Mass Effect
Element zéro
0%
Permet de contrôler la pesanteur dans
Capitaine Flam
Gravium
0%
Pierre qui sert aussi bien à communiquer
qu'à visionner des images dans Fairy Tail
Lacrima
0%
L'Empire de Vega s'en est servi pour
fabriquer Goldorak
Laserium
0%
C'est elle qui fait voler Laputa dans les
airs dans Le Chateau dans le Ciel
Levistone
0%
Pierre magique dans les
Final Fantasy
Magicite
0%
Aussi léger que résistant, il a sauvé la vie
de Bilbon et de Frodon
Mithril
0%
Principal moyen de production d'énergie
pour les Goa'ulds dans Stargate
Naqahdah
0%
Il sert comme moyen de contrôle dans
Yu-Gi-Oh et comme monnaie dans
Assassin's Creed Odyssey
Orichalque
0%
Minerai capable de repousser l'énergie
spirituelle dans Bleach
Pierre de Seki
0%
D'abord apparu dans l'univers étendu de
Star Wars, il a plus récemment été utilisé
pour construire les vaisseaux dans
l'univers de Dune
Plastacier
0%
Principale ressource de Mars dans
Total Recall
Turbinium
0%
Métal dont est fait le Général Franky
dans One Piece
Wapométal
0%

Distribution des résultats

Percentile par nombre de réponses

% des personnes avec chaque résultat

Votre développement - résultats

Vous n’avez pas pris ce quiz depuis la dernière actualisation